000 00583nam a2200241Ia 4500
001 17748
003 GE_BSU
008 181216s||||||||xx |||||||||||||| ||und||
020 _a9782011552051
040 _cGE_BSU
080 _a811.133.1
100 _aWeiss,Frangois
245 _aJouer, communiquer, apprendre
245 _b(ქსეროქსი)
260 _aParis
260 _bHachette
260 _c2002
300 _a126p;21cm
541 _h5ლ.10თ
653 _aJouer, communiquer, apprendre
653 _aფრანგული ენა
942 _cBK
999 _c50796
_d50796